Wyspa Totalnej Porażki Eliminacja - Statystyki

Ogólne statystyki
  • Ten quiz został rozwiązany 339 razy
  • Średni wynik to 11 z 24
Statystyki odpowiedzi
Miejsce Postać % Poprawnych
24 Ezekiel
93%
23 Eva
83%
22 Noah
78%
1 Gwen
63%
21 Justin
60%
2 Owen
59%
3 Heather
57%
20 Katie
56%
4 Duncan
54%
19 Tyler
47%
5 Leshawna
42%
17 Cody
40%
18 Izzy
39%
15 Sadie
37%
14 Courtney
36%
13 Harold
36%
16 Beth
35%
6 Geoff
35%
8 DJ
34%
12 Eva
33%
7 Izzy
33%
9 Lindsay
30%
11 Trent
29%
10 Bridgette
27%
Nie znaleziono quizów pasujących do podanych kryteriów
Rozkład punktacji
Procent ludzi z każdym wynikiem
Percentyl według liczby udzielonych odpowiedzi
Twoja historia wyników
Nie rozwiązałeś tego quizu